000 00413pab a2200145 454500
008 180718b1996 xxu||||| |||| 00| 0 eng d
100 _aMathew, George
245 _aRestructuring the polity with panchayati raj as a cutting edge: the background, the issues and the ground realities
260 _c1996
300 _ap.13-27
362 _aMar
650 _aPanchayat
773 _aSocial Change
909 _a43027
999 _c43027
_d43027